[Event "Maritime Chess Open 2025"]
[Site "Summerside, PE CAN"]
[Date "2025.10.12"]
[Round "3.1"]
[White "Ivanov,Mike"]
[Black "Nakamura,Hi"]
[Result "1/2-1/2"]
[WhiteElo "2366"]
[BlackElo "2816"]

1.e4 c5 2.Nf3 Nc6 3.Bb5 Nf6 4.Nc3 Nd4 5.e5 Nxb5 6.Nxb5 Nd5 7.Ng5 h6 8.Ne4 a6
9.Nbc3 Nxc3 10.dxc3 d6 11.Bf4 Bf5 12.Qd5 Bxe4 13.Qxe4 d5 14.Qf3 e6 15.c4 g5
16.Bd2 b5 17.cxd5 Qxd5 18.Qxd5 exd5 19.f4 gxf4 20.O-O Rg8 21.Rxf4 Rg6 22.c3 Bg7
23.Rf5 Re6 24.Be3 Rc8 25.Raf1 Rc7 26.Rd1 Bxe5 27.Rxd5 Bxh2+  1/2-1/2

[Event "Maritime Chess Open 2025"]
[Site "Summerside, PE CAN"]
[Date "2025.10.12"]
[Round "4.1"]
[White "Nakamura,Hi"]
[Black "Plotkin,Mark"]
[Result "1-0"]
[WhiteElo "2816"]
[BlackElo "2353"]

1.e4 g6 2.d4 Bg7 3.Nf3 d6 4.Bc4 Nf6 5.Qe2 O-O 6.O-O Bg4 7.h3 Bxf3 8.Qxf3 Nfd7
9.Qd1 c5 10.d5 Na6 11.c3 Nc7 12.a4 a6 13.a5 b5 14.axb6 Nxb6 15.Bd3 e6 16.dxe6 fxe6
17.Be3 Qe7 18.Nd2 d5 19.Nf3 a5 20.Re1 a4 21.exd5 Ncxd5 22.Bg5 Qf7 23.Ra3 c4
24.Bc2 Qd7 25.Bd2 Rfe8 26.h4 Qb5 27.Qb1 Nf6 28.Bg5 Nbd5 29.Nd4 Qd7 30.Qd1 Nb6
31.Qc1 Nbd5 32.Nf3 Qb5 33.Nd2 Ra7 34.Ra2 Nb6 35.Bd1 Nbd7 36.Be2 Ne5 37.Qc2 Nd3
38.Rea1 Nd5 39.Nxc4 Nxf2 40.Kxf2 Qc5+ 41.Kg3 Rf8 42.Qe4 Qf2+ 43.Kh2 Nf4 44.Rf1  1-0

[Event "Maritime Chess Open 2025"]
[Site "Summerside, PE CAN"]
[Date "2025.10.13"]
[Round "5.1"]
[White "Migot,T"]
[Black "Nakamura,Hi"]
[Result "0-1"]
[WhiteElo "2311"]
[BlackElo "2816"]

1.e4 c5 2.Nf3 e6 3.d4 cxd4 4.Nxd4 a6 5.Nc3 Qc7 6.Bd3 Nf6 7.Qe2 Bb4 8.Bd2 d6
9.O-O Bxc3 10.Bxc3 e5 11.Nb3 O-O 12.a4 Be6 13.Nd2 Nbd7 14.Rfe1 Rac8 15.a5 Rfe8
16.Ra3 d5 17.exd5 Nxd5 18.Qf3 f6 19.Bf5 Bxf5 20.Qxd5+ Be6 21.Qf3 Rcd8 22.Ne4 Bd5
23.Qe2 Nf8 24.f3 Ne6 25.Ng3 Nf4 26.Qf2 Be6 27.Bb4 Bh3 28.Ne2 Nxg2 29.Rc1 Nf4
30.Rc3 Qf7 31.Nxf4 exf4 32.Rc5 Rd7 33.Kh1 Red8 34.Re1 Rd1 35.Qe2 Qg6 36.Rc4 h5
37.Re4 Rxe1+ 38.Bxe1 Rd5 39.Qf2 Rg5 40.Re2 Bg2+ 41.Qxg2 Rxg2 42.Rxg2 Qf5
43.Bc3 h4 44.Kg1 h3 45.Re2 Kf7 46.Kf1 Qd5 47.Kf2 Qd1 48.Re1 Qxc2+ 49.Re2 Qg6
50.Kf1 Qd3 51.Kf2 g5 52.Re1 f5  0-1

[Event "Maritime Chess Open 2025"]
[Site "Summerside, PE CAN"]
[Date "2025.10.13"]
[Round "6.1"]
[White "Nakamura,Hi"]
[Black "Marchand,Calix"]
[Result "1-0"]
[WhiteElo "2816"]
[BlackElo "2101"]

1.e4 c5 2.Nf3 e6 3.c3 d5 4.exd5 Qxd5 5.d4 Nf6 6.Be3 cxd4 7.cxd4 Bb4+ 8.Nc3 Qa5
9.Bd2 O-O 10.Bd3 b6 11.a3 Bxc3 12.bxc3 Ba6 13.c4 Qh5 14.O-O Nbd7 15.Re1 Bb7
16.Be2 Qg6 17.Qb3 h6 18.Rad1 Be4 19.Rc1 e5 20.Nh4 Qh7 21.f3 Bb7 22.dxe5 Nxe5
23.Bd1 Qd3 24.Bc3 Nfd7 25.Rxe5 Nxe5 26.Bxe5 Qd7 27.Bb2 Qe7 28.Qc3 f6 29.c5 Qxc5+
30.Qxc5 bxc5 31.Be2 Rac8 32.Kf2 Rfd8 33.Nf5 Kh8 34.Bc3 Rc6 35.Ba5 Ra8 36.Ne7 Re6
37.Ng6+ Kh7 38.Bd3 Rd6 39.Bf5 Bc8 40.Be4 Rb8 41.Ne7+ Kh8 42.Rxc5 Rb2+ 43.Kg3 Bb7
44.Bb4 Rd7 45.Ng6+ Kg8 46.Bf5 Rd8 47.h4 Re8 48.Rc7 Ba6 49.Rxa7 Bf1 50.Nf4  1-0

[Event "chess.com SpeedChess 2025"]
[Site "chess.com INT"]
[Date "2025.10.17"]
[Round "1.22"]
[White "Le,Quang Liem"]
[Black "Nakamura,Hi"]
[Result "1-0"]
[WhiteElo "2729"]
[BlackElo "2816"]

1.d4 g6 2.g3 Bg7 3.Nf3 d6 4.Bg2 Nf6 5.O-O O-O 6.c4 Nbd7 7.Nc3 e5 8.e4 Re8
9.Re1 a6 10.h3 c6 11.d5 cxd5 12.cxd5 b5 13.Be3 Bb7 14.Nd2 Rc8 15.Rc1 Nc5
16.Qe2 Nfd7 17.b4 Na4 18.Nxa4 bxa4 19.Qd3 Nb6 20.Rxc8 Nxc8 21.Nc4 Re7 22.Na5 Rc7
23.a3 h5 24.Nxb7 Rxb7 25.Qxa6 Rc7 26.Qxa4 h4 27.g4 Bf6 28.Qb3 Bg5 29.a4 Bxe3
30.Qxe3 Rc4 31.Rb1 Qc7 32.a5 Rc3 33.Qe1 Ra3 34.Rc1 Qb7 35.Rc6 Na7 36.Rxd6 Qc7
37.Rb6 Qc2 38.Bf1 Qb2 39.Qe2 Qb1 40.Rb7 Nc8 41.Rb8 Qc1 42.d6 Qc6 43.Qc4  1-0

[Event "chess.com SpeedChess 2025"]
[Site "chess.com INT"]
[Date "2025.10.17"]
[Round "1.25"]
[White "Nakamura,Hi"]
[Black "Le,Quang Liem"]
[Result "0-1"]
[WhiteElo "2816"]
[BlackElo "2729"]

1.d3 g6 2.Nd2 Bg7 3.Ngf3 Nf6 4.e4 O-O 5.g3 c5 6.Bg2 Nc6 7.O-O d6 8.Re1 Rb8
9.c3 b5 10.a3 a5 11.Nb3 Ba6 12.d4 cxd4 13.Nbxd4 Nxd4 14.Nxd4 Qc7 15.Nc2 Rfc8
16.Bg5 h6 17.Bxf6 Bxf6 18.Ne3 Bb7 19.Qd2 h5 20.Rad1 Qb6 21.Kh1 b4 22.axb4 axb4
23.c4 b3 24.Rc1 Ra8 25.Rb1 Ra2 26.Re2 Rca8 27.h4 Ra1 28.Rxa1 Rxa1+ 29.Kh2 Rb1
30.Qd3 Rxb2 31.Rxb2 Bxb2 32.c5 Qb4 33.Nc4 Ba6 34.cxd6 exd6 35.Qxd6 Qxd6 36.Nxd6 Be5  0-1

[Event "chess.com SpeedChess 2025"]
[Site "chess.com INT"]
[Date "2025.10.17"]
[Round "1.20"]
[White "Le,Quang Liem"]
[Black "Nakamura,Hi"]
[Result "1-0"]
[WhiteElo "2729"]
[BlackElo "2816"]

1.d4 g6 2.g3 Bg7 3.Bg2 d6 4.Nf3 Nc6 5.O-O Bd7 6.c4 Qc8 7.Nc3 Bh3 8.e4 h5
9.d5 Ne5 10.Bxh3 Qxh3 11.Ng5 Qd7 12.Qe2 h4 13.f4 hxg3 14.fxe5 Bxe5 15.h3 Nf6
16.Bf4 Bd4+ 17.Kg2 Nh7 18.Nf3 Nf6 19.Rh1 Bxc3 20.bxc3 Nh5 21.Bxg3 f5 22.e5 O-O-O
23.Rab1 Qa4 24.Rb4 Qa6 25.Rhb1 b6 26.Nd4 f4 27.Bf2 f3+ 28.Qxf3 Rdf8 29.Qg4+ Kb7
30.Ne6 Rf5 31.exd6 exd6 32.Qe2 Re8 33.Be3 Re5 34.Qd2 Re4 35.Qd3 Re5 36.a4 Kc8
37.Rf1 Re7  1-0

[Event "chess.com SpeedChess 2025"]
[Site "chess.com INT"]
[Date "2025.10.17"]
[Round "1.18"]
[White "Le,Quang Liem"]
[Black "Nakamura,Hi"]
[Result "1/2-1/2"]
[WhiteElo "2729"]
[BlackElo "2816"]

1.d4 Nf6 2.Nf3 d5 3.c4 e6 4.g3 Bb4+ 5.Bd2 Be7 6.Bg2 O-O 7.O-O a6 8.Qc2 Nbd7
9.Bf4 b6 10.cxd5 Nxd5 11.Ne5 Bb7 12.Nc6 Bxc6 13.Qxc6 Nxf4 14.gxf4 Rc8 15.e3 Nb8
16.Qa4 c5 17.Rd1 cxd4 18.Nc3 b5 19.Qb3 Bc5 20.Ne2 Nd7 21.Nxd4 Bxd4 22.Rxd4 Qc7
23.Rad1 Nf6 24.Qa3 Qc2 25.R4d2 Qf5 26.Qxa6 h5 27.h3 h4 28.Qd6 Rc5 29.b4 Rc4
30.a3 Ne4 31.Bxe4 Qxe4 32.Qe5 Qf3 33.Kh2 Rfc8 34.Rg1 g6 35.Rxg6+ fxg6 36.Qxe6+ Kf8
37.Qf6+ Kg8 38.Qxg6+ Kf8 39.Qf5+ Kg8 40.Qe6+ Kf8 41.Qh6+ Kg8 42.Qg5+ Kf8
43.Qf6+ Kg8 44.Qg6+ Kf8 45.Qf6+ Kg8 46.Qg6+  1/2-1/2

[Event "chess.com SpeedChess 2025"]
[Site "chess.com INT"]
[Date "2025.10.17"]
[Round "1.17"]
[White "Nakamura,Hi"]
[Black "Le,Quang Liem"]
[Result "0-1"]
[WhiteElo "2816"]
[BlackElo "2729"]

1.e4 e5 2.Nc3 Nc6 3.Bc4 Nf6 4.d3 Na5 5.Qf3 Nxc4 6.dxc4 Be7 7.Nge2 O-O 8.O-O d6
9.h3 Be6 10.b3 Nd7 11.Ng3 c6 12.Rd1 g6 13.Bh6 Re8 14.Nf5 Qc7 15.Nxe7+ Rxe7
16.Qd3 f6 17.Qxd6 Qxd6 18.Rxd6 g5 19.h4 gxh4 20.Be3 Kf7 21.Kh2 a6 22.Rf1 Rg8
23.f4 Rg3 24.Bd2 Bg4 25.fxe5 Rxe5 26.Be1 Re3 27.Bd2 Rg3 28.Rd3 Nc5 29.Rd4 Rh5
30.Rd6 Be6 31.e5 Rxe5 32.Bf4 Rf5 33.Bxg3 Rxf1 34.Bxh4 Rc1 35.Rd2 Bf5 36.Rf2 Kg6
37.b4 Nd7 38.Ne2 Rxc2 39.g4 Be4 40.Nf4+ Kf7 41.Rxc2 Bxc2 42.c5 Ne5 43.Kg3 Bd1
44.g5 Nf3 45.gxf6 Nxh4 46.Kxh4 Kxf6 47.Kg3 Ke5  0-1

[Event "chess.com SpeedChess 2025"]
[Site "chess.com INT"]
[Date "2025.10.17"]
[Round "1.21"]
[White "Nakamura,Hi"]
[Black "Le,Quang Liem"]
[Result "0-1"]
[WhiteElo "2816"]
[BlackElo "2729"]

1.e4 e5 2.Bc4 Nf6 3.d3 c6 4.Nf3 d5 5.Bb3 Bd6 6.Nbd2 O-O 7.O-O Re8 8.Re1 Nbd7
9.h3 Nf8 10.Nf1 h6 11.Ng3 Ng6 12.c3 Be6 13.Nf5 Bc7 14.Ng3 Qd7 15.Qe2 Rad8
16.Qf1 Qc8 17.Be3 Nf4 18.Bxf4 exf4 19.e5 fxg3 20.exf6 g6 21.d4 Bf5 22.Ne5 gxf2+
23.Qxf2 Rd6 24.g4 Rxf6 25.Re3 Ree6 26.gxf5 Rxf5 27.Rf3 Rexe5 28.dxe5 Bb6  0-1

[Event "chess.com SpeedChess 2025"]
[Site "chess.com INT"]
[Date "2025.10.17"]
[Round "1.16"]
[White "Le,Quang Liem"]
[Black "Nakamura,Hi"]
[Result "0-1"]
[WhiteElo "2729"]
[BlackElo "2816"]

1.d4 Nf6 2.Nf3 e6 3.c4 d5 4.g3 Be7 5.Bg2 O-O 6.O-O dxc4 7.Qc2 a6 8.Rd1 Bd7
9.Qxc4 Bc6 10.Qc2 Nbd7 11.Nc3 b5 12.e4 b4 13.Ne5 Bb7 14.Na4 c5 15.dxc5 Qc7
16.Nxd7 Nxd7 17.Bf4 e5 18.Be3 Rac8 19.Rac1 Qc6 20.Bh3 Nf6 21.Nb6 Nxe4 22.Nxc8 Bxc8
23.Bxc8 Rxc8 24.Qc4 a5 25.Qd5 Nf6 26.Qxc6 Rxc6 27.a3 bxa3 28.bxa3 Kf8 29.Kg2 Ke8
30.Rb1 Rc8 31.Rb5 Bd8 32.Kf3 Rc6 33.h3 Bc7 34.g4 Ke7 35.g5 Nd7 36.Ke4 Ke6
37.Kd3 f5 38.gxf6 gxf6 39.f3 f5 40.Kc4 e4 41.fxe4 Ne5+ 42.Kd4 Nf3+ 43.Kd3 Ne5+
44.Ke2 fxe4 45.Rd4 Kf5 46.Rd5 Ke6 47.Rd4 Kf5 48.Rb1 Nf3 49.Rd5+ Be5 50.Rd7 Rg6
51.Rf7+ Ke6 52.Rxf3 exf3+ 53.Kxf3 Kd5 54.Rd1+ Kc6 55.Ke4 Bc7 56.Rg1 Re6+
57.Kd3 Rf6 58.Ke4 Re6+ 59.Kd3 Rf6 60.Kc4 Rf3 61.Bd4 Rxh3 62.Rf1 Rh6 63.Rf7 Bd8
64.a4 Rh4 65.Kd3 h5 66.Rh7 Bc7 67.Kc4 Be5 68.Rh6+ Kc7 69.Rh7+ Kc8 70.Kd5 Bxd4
71.Kc6 Kd8 72.Rd7+ Ke8 73.Ra7 Rg4 74.Rxa5 h4 75.Ra8+ Kf7 76.Kd5 h3 77.Ra7+ Kg6
78.Ra6+ Bf6 79.c6 h2 80.c7 h1=Q+ 81.Ke6 Qe4+ 82.Kd7 Qd3+  0-1

[Event "chess.com SpeedChess 2025"]
[Site "chess.com INT"]
[Date "2025.10.17"]
[Round "1.19"]
[White "Nakamura,Hi"]
[Black "Le,Quang Liem"]
[Result "0-1"]
[WhiteElo "2816"]
[BlackElo "2729"]

1.d4 d5 2.f3 Nf6 3.e3 e6 4.Kf2 c5 5.c3 Nc6 6.Bd3 Bd6 7.Ne2 O-O 8.f4 Qc7 9.h3 Ne4+
10.Bxe4 dxe4 11.Nd2 f5 12.b3 b5 13.Bb2 Ne7 14.Rc1 Bb7 15.c4 b4 16.Rf1 Rad8
17.Qc2 Ng6 18.Kg1 Qe7 19.Rcd1 h6 20.Rfe1 Kh7 21.Nf1 Nh4 22.dxc5 Bxc5 23.Bd4 a5
24.Bxc5 Qxc5 25.Nd4 Rd6 26.Qf2 Ng6 27.Nb5 Rxd1 28.Rxd1 e5 29.g3 Bc6 30.fxe5 Bxb5
31.Rd5 Qe7 32.cxb5 Nxe5 33.Kg2 Qe6 34.Rd1 Rc8 35.Rd6 Qf7 36.g4 Nf3 37.Rc6 Rd8
38.b6 fxg4 39.hxg4 Qd7 40.Rc7 Qe6 41.b7 Rf8 42.Qg3 Qa6 43.b8=Q Qe2+ 44.Qf2 Ne1+
45.Kh3 Qxf2 46.Rxg7+ Kxg7 47.Qe5+ Kg8 48.Ng3 Qg2+ 49.Kh4 Qh2+  0-1

[Event "chess.com SpeedChess 2025"]
[Site "chess.com INT"]
[Date "2025.10.17"]
[Round "1.6"]
[White "Le,Quang Liem"]
[Black "Nakamura,Hi"]
[Result "1-0"]
[WhiteElo "2729"]
[BlackElo "2816"]

1.d4 Nf6 2.Nf3 e6 3.c4 d5 4.g3 Be7 5.Bg2 O-O 6.O-O dxc4 7.Qc2 a6 8.Rd1 b5
9.Ne5 c6 10.b3 cxb3 11.axb3 Bb7 12.Ba3 Nbd7 13.Nxc6 Bxc6 14.Qxc6 Nd5 15.Bxd5 exd5
16.Qxd5 Bxa3 17.Nxa3 Rc8 18.Nb1 Qe7 19.Qf3 Rfe8 20.Nc3 b4 21.Nd5 Qxe2 22.Qxe2 Rxe2
23.Rxa6 h6 24.Ra7 Rd8 25.Kf1 Rb2 26.Rd3 Nf8 27.Ne7+ Kh7 28.Nc6 Rd6 29.Rxf7 Ne6
30.d5 Ng5 31.Rf8 Ne4 32.Kg2 Nc5 33.Rd4 Rxb3 34.Nxb4 Rb2 35.Nc6 Nd7 36.Rd8 Rf6
37.Rxd7 Rfxf2+ 38.Kh3 h5 39.Kh4 Rf6 40.Kg5 Rxh2 41.Rh4 Rg6+ 42.Kf5 Rf2+ 43.Ke5 Rg5+
44.Kd4 Kh6 45.Kc5 Rxg3 46.Rd4 Rc2+ 47.Kb6 Rb3+ 48.Kc7 g5 49.Rd6+ Kg7 50.Re4 Rf2
51.Re7+ Rf7 52.Rxf7+ Kxf7 53.Ne5+ Kf8 54.Rf6+ Ke7 55.Re6+ Kf8 56.d6 Rc3+
57.Nc6 Kf7 58.Re5 Kf6 59.d7 Rd3 60.Re8 h4 61.d8=Q+ Rxd8 62.Rxd8 h3 63.Kd6 Kf5
64.Rh8 g4 65.Ne5 Kf4 66.Kd5 g3 67.Rxh3 g2 68.Rf3+  1-0

[Event "chess.com SpeedChess 2025"]
[Site "chess.com INT"]
[Date "2025.10.17"]
[Round "1.7"]
[White "Nakamura,Hi"]
[Black "Le,Quang Liem"]
[Result "1-0"]
[WhiteElo "2816"]
[BlackElo "2729"]

1.e4 e5 2.Bc4 Nf6 3.d3 c6 4.Bb3 d5 5.Nf3 a5 6.a3 a4 7.Ba2 Bd6 8.Nc3 O-O 9.O-O dxe4
10.dxe4 Qe7 11.Qe2 Be6 12.Bxe6 Qxe6 13.Rd1 Nbd7 14.Be3 Rfd8 15.Rd3 h6 16.Rad1 Bc7
17.Nh4 b5 18.Nf5 Nf8 19.Bc5 Ng6 20.g3 Rxd3 21.cxd3 Rd8 22.f3 Nd7 23.Bf2 Ne7
24.Nxe7+ Qxe7 25.Kg2 Nf8 26.Na2 Qe6 27.Nb4 Ba5 28.Na6 Qc8 29.Nc5 Bb6 30.Rc1 Bxc5
31.Rxc5 f6 32.Qc2 Qd7 33.Rc3 Kh7 34.h4 h5 35.Be3 Rc8 36.f4 exf4 37.Bxf4 Qg4
38.Qf2 Ng6 39.Kh2 c5 40.Bd6 c4 41.dxc4 Rxc4 42.Rxc4 bxc4 43.Qc2 Qd7 44.e5 fxe5
45.Bxe5 Qd3 46.Qxd3 cxd3 47.Bc3 Ne5 48.Kg2 Kg6 49.Kf2 Nc4 50.Kf3 Kf7 51.Bd4 g6
52.Bc3 Ke6 53.Bh8 Kd5 54.Bc3 Nd6 55.Ke3 Kc4 56.Be5 Nf5+ 57.Kd2 Nd4 58.Bf6 Nf3+
59.Ke3 d2 60.Ke2 Kb3 61.Kd1 Kc4 62.Kc2 Kd5 63.Bc3 Kc4 64.Bxd2 Nd4+ 65.Kb1 Kd3
66.Bf4 Nb3 67.Bg5 Nd4 68.Bf6 Nb3 69.Be5 Kd2 70.Bf4+ Kd1 71.Bg5 Nd4 72.b4 axb3
73.Kb2 Ke2 74.a4 Kd3 75.a5 Kc4 76.a6 Nc6 77.Be3  1-0

[Event "chess.com SpeedChess 2025"]
[Site "chess.com INT"]
[Date "2025.10.17"]
[Round "1.23"]
[White "Nakamura,Hi"]
[Black "Le,Quang Liem"]
[Result "1-0"]
[WhiteElo "2816"]
[BlackElo "2729"]

1.d3 d5 2.Nd2 g6 3.Ngf3 Bg7 4.g3 Nf6 5.Bg2 O-O 6.O-O c5 7.e4 Nc6 8.Re1 e5
9.a3 Re8 10.c3 d4 11.cxd4 cxd4 12.b4 b5 13.Nb3 h6 14.Bd2 Nd7 15.Qc1 Bb7 16.Bxh6 Rc8
17.Bxg7 Kxg7 18.Qd2 Qe7 19.Bh3 Rc7 20.Bxd7 Rxd7 21.Nc5 Rc7 22.Nxb7 Rxb7 23.Rac1 Rc7
24.Rc5 a6 25.Rec1 Rec8 26.R1c2 Nd8 27.Rxc7 Rxc7 28.h4 Nb7 29.Qc1 Rxc2 30.Qxc2 a5
31.Qc6 axb4 32.axb4 Qf6 33.Qxb7 Qxf3 34.Qxb5 f6 35.Qc4 Kh6 36.b5 g5 37.hxg5+ Kxg5
38.b6  1-0

[Event "chess.com SpeedChess 2025"]
[Site "chess.com INT"]
[Date "2025.10.17"]
[Round "1.5"]
[White "Nakamura,Hi"]
[Black "Le,Quang Liem"]
[Result "1-0"]
[WhiteElo "2816"]
[BlackElo "2729"]

1.e4 e5 2.Bc4 Nc6 3.d3 Nf6 4.Nc3 Bb4 5.Bd2 Na5 6.Bb3 Nxb3 7.axb3 O-O 8.Nf3 Re8
9.O-O h6 10.h3 d6 11.Re1 Bd7 12.Ne2 Bxd2 13.Qxd2 Nh5 14.Qe3 a5 15.g4 Nf6
16.Ng3 Nh7 17.d4 Ng5 18.Nxg5 Qxg5 19.d5 b6 20.c4 g6 21.Qxg5 hxg5 22.Ne2 b5
23.c5 dxc5 24.Rac1 c6 25.Rxc5 cxd5 26.exd5 Rec8 27.Rxc8+ Rxc8 28.Nc3 Kf8
29.Rxe5 f6 30.Re1 f5 31.d6 b4 32.Nd5 Rc6 33.Nf6 Rxd6 34.Nxd7+ Rxd7 35.gxf5 Rd3
36.fxg6 Rxh3 37.Re5 Rxb3 38.Rxa5 Rxb2 39.Rxg5 Rc2 40.Kg2 Kg7 41.Rb5 Kxg6
42.Rxb4 Kf5 43.Kg3 Rc3+ 44.f3 Rc5 45.Rh4 Rc1 46.Rh5+ Kg6 47.Rh4 Ra1 48.Rb4 Kf5
49.Rb5+ Kf6 50.Kg4 Ra4+ 51.f4 Ra1 52.Rb6+ Kf7 53.Kg5 Ra7 54.f5 Ra1 55.Rb7+ Kg8
56.Kg6 Rg1+ 57.Kf6 Rf1 58.Rb8+ Kh7 59.Rc8 Rf2 60.Rf8 Ra2 61.Re8 Rf2 62.Rd8 Rf1
63.Rc8 Rf2 64.Re8 Rf1 65.Rf8 Ra1 66.Rd8 Rf1 67.Rd5 Kg8 68.Re5 Kf8 69.Rb5 Kg8
70.Rb8+ Kh7 71.Re8 Rf2 72.Ke6 Kg7 73.Re7+ Kf8 74.Rb7 Kg8 75.Kf6 Rf1 76.Rb2 Rf3
77.Rb1 Rf2 78.Rd1 Rf3 79.Rd2 Rf1 80.Re2 Rf3 81.Re5 Rf1 82.Ke6 Kg7 83.Re2 Rf3
84.Rg2+ Kf8 85.Kf6 Ra3 86.Re2 Ra6+ 87.Re6 Ra7 88.Kg5 Rg7+ 89.Rg6 Kf7 90.Kh6 Rxg6+
91.fxg6+ Kf8 92.Kh7  1-0

[Event "chess.com SpeedChess 2025"]
[Site "chess.com INT"]
[Date "2025.10.17"]
[Round "1.4"]
[White "Le,Quang Liem"]
[Black "Nakamura,Hi"]
[Result "1/2-1/2"]
[WhiteElo "2729"]
[BlackElo "2816"]

1.d4 Nf6 2.c4 e6 3.Nf3 d5 4.Nc3 Be7 5.Bf4 O-O 6.e3 Nbd7 7.c5 Nh5 8.Bd3 b6
9.b4 Nxf4 10.exf4 a5 11.a3 c6 12.O-O Ba6 13.g3 Bf6 14.Qc2 Bxd3 15.Qxd3 axb4
16.axb4 Qc7 17.h4 g6 18.Kg2 Ra7 19.Ne5 Nxe5 20.fxe5 Bg7 21.Qc2 Rfa8 22.Rxa7 Rxa7
23.Na4 bxc5 24.bxc5 f6 25.f4 Qa5 26.Nb6 Qb4 27.Nc8 Rb7 28.Nd6 Rb8 29.Qf2 Qc3
30.Kh3 fxe5 31.dxe5 Rb3 32.Rd1 Rb2 33.Rd3 Qc1 34.Qf3 h5 35.Rb3 Rc2 36.Rb8+ Kh7
37.Nf7 Bh6 38.f5 exf5 39.Rb7 Qg1 40.Nxh6+ Kh8 41.Rb8+ Kh7 42.Rb7+ Kh8 43.Rb8+ Kh7
44.Rb7+  1/2-1/2

[Event "chess.com SpeedChess 2025"]
[Site "chess.com INT"]
[Date "2025.10.17"]
[Round "1.3"]
[White "Nakamura,Hi"]
[Black "Le,Quang Liem"]
[Result "1-0"]
[WhiteElo "2816"]
[BlackElo "2729"]

1.e4 e5 2.Bc4 Nf6 3.d3 Bc5 4.Nc3 Nc6 5.h3 d6 6.Nge2 Be6 7.Bb3 O-O 8.O-O a5
9.Kh1 Nd4 10.f4 Nxe2 11.Qxe2 exf4 12.Bxf4 Nd7 13.Qd2 Bd4 14.Rab1 Nc5 15.Ne2 Bf6
16.Ng3 Nxb3 17.axb3 g6 18.Bh6 Re8 19.Rf3 a4 20.bxa4 Rxa4 21.Rbf1 Bh8 22.Nh5 gxh5
23.Rg3+ Bg4 24.hxg4 Qh4+ 25.Rh3 Qxg4 26.Qf2  1-0

[Event "chess.com SpeedChess 2025"]
[Site "chess.com INT"]
[Date "2025.10.17"]
[Round "1.13"]
[White "Nakamura,Hi"]
[Black "Le,Quang Liem"]
[Result "1-0"]
[WhiteElo "2816"]
[BlackElo "2729"]

1.e4 e5 2.Bc4 Nf6 3.d3 c6 4.Nc3 d5 5.Bb3 dxe4 6.Nxe4 Nxe4 7.dxe4 Qxd1+ 8.Kxd1 a5
9.c3 a4 10.Bc2 Bc5 11.Ke1 Be6 12.Ke2 Nd7 13.Be3 Ke7 14.Nf3 f6 15.Nd2 Rhd8
16.f3 b5 17.Bd3 Ra7 18.Nf1 g6 19.h4 h5 20.Bc2 f5 21.Bg5+ Nf6 22.exf5 Bxf5
23.Rc1 Ke6 24.Ng3 Bxc2 25.Rxc2 Be7 26.Bxf6 Bxf6 27.Ne4 Be7 28.Rd2 Rxd2+ 29.Nxd2 Rd7
30.Ne4 Rd8 31.g3 Rd7 32.Rc1 Rd8 33.Rb1 Rd7 34.Ra1 Rd8 35.b3 Ra8 36.b4 Rd8
37.a3 Kd5 38.Kd3 Ke6+ 39.Kc2 Rf8 40.Rf1 Rf7 41.Kd3 Rf8 42.c4 Rd8+ 43.Ke2 Rd4
44.cxb5 cxb5 45.Rc1 Kd7 46.Rc3 Rd5 47.Rd3 Kc6 48.Rxd5 Kxd5 49.Kd3 Bd8 50.Nc3+ Kc6
51.Ke4 g5 52.hxg5 Bxg5 53.Kxe5 Bd2 54.Ne2 Bc1 55.Nxc1  1-0

[Event "chess.com SpeedChess 2025"]
[Site "chess.com INT"]
[Date "2025.10.17"]
[Round "1.11"]
[White "Nakamura,Hi"]
[Black "Le,Quang Liem"]
[Result "1-0"]
[WhiteElo "2816"]
[BlackElo "2729"]

1.d4 Nf6 2.Bg5 d5 3.Bxf6 gxf6 4.e3 c5 5.dxc5 Nc6 6.a3 e5 7.Nc3 Be6 8.Qf3 d4
9.O-O-O Bxc5 10.Bb5 Qb6 11.exd4 Bxd4 12.Qxf6 Rg8 13.Nge2 Bxf2 14.Nd5 Qd8
15.Qxf2 Bxd5 16.Kb1 Rxg2 17.Qc5  1-0

[Event "chess.com SpeedChess 2025"]
[Site "chess.com INT"]
[Date "2025.10.17"]
[Round "1.10"]
[White "Le,Quang Liem"]
[Black "Nakamura,Hi"]
[Result "1/2-1/2"]
[WhiteElo "2729"]
[BlackElo "2816"]

1.d4 Nf6 2.c4 e6 3.Nf3 d5 4.Nc3 Be7 5.Bf4 O-O 6.e3 Nbd7 7.c5 Nh5 8.Bd3 Nxf4
9.exf4 b6 10.b4 a5 11.a3 c6 12.O-O Ba6 13.g3 g6 14.h4 Bf6 15.Qc2 Bxd3 16.Qxd3 Qc7
17.Kg2 axb4 18.axb4 Ra7 19.h5 Rfa8 20.Rab1 Ra3 21.Rfc1 Bg7 22.hxg6 hxg6 23.Qd2 b5
24.Ne5 Nf6 25.Qc2 R8a6 26.Rb3 Rxb3 27.Qxb3 Qa7 28.Rc2 Nd7 29.Ra2 Bxe5 30.dxe5 Rxa2
31.Qxa2 Qxa2 32.Nxa2 g5 33.Kf3 gxf4 34.Kxf4 f6 35.exf6 Kf7 36.Nc1 Kxf6 37.Nb3 e5+
38.Ke3 Nb8 39.Na5 Ke6 40.g4 Kd7 41.g5 Ke6 42.f4 Kf5 43.fxe5 Kxg5 44.Kd4 Kf5
45.Nb7 Na6 46.Nd8 Nxb4 47.Kc3 Na2+ 48.Kb3 Nc1+ 49.Kc2 Ne2 50.Nxc6 Nf4 51.Kc3 Ke4
52.Kb4 d4 53.Nxd4 Kxd4 54.c6 Ne6 55.Kxb5 Kxe5 56.c7 Nxc7+  1/2-1/2

[Event "chess.com SpeedChess 2025"]
[Site "chess.com INT"]
[Date "2025.10.17"]
[Round "1.9"]
[White "Nakamura,Hi"]
[Black "Le,Quang Liem"]
[Result "1-0"]
[WhiteElo "2816"]
[BlackElo "2729"]

1.e4 e5 2.Bc4 Nf6 3.d3 c6 4.Bb3 d5 5.Nd2 a5 6.c3 Bd6 7.Ngf3 O-O 8.O-O Re8
9.Re1 Nbd7 10.Bc2 h6 11.Nf1 dxe4 12.dxe4 Nf8 13.Ng3 Ng6 14.h3 b6 15.Be3 Bc7
16.Bd3 Be6 17.Qc2 b5 18.a4 Qb8 19.Bf1 Rd8 20.Nf5 Bb6 21.Bxb6 Qxb6 22.Ne3 Rab8
23.b4 axb4 24.cxb4 bxa4 25.Rxa4 Rdc8 26.Rc1 Qd8 27.Bc4 Qd6 28.Bxe6 Qxe6 29.Qc4 Qxc4
30.Rxc4 Ne8 31.Nf5 Kf8 32.Ra7 f6 33.g3 Nh8 34.Ne7 Nd6 35.Rc1 Re8 36.Nxc6 Rb6
37.Na5 Rxb4 38.Rcc7 Nb5 39.Rab7 Nxc7 40.Rxb4 Ne6 41.Nh4 g6 42.Rb6 Kg7 43.Rb7+ Nf7
44.Nc4 Nc5 45.Rxf7+ Kxf7 46.Nd6+ Ke7 47.Nxe8 Kxe8 48.Nxg6 Nxe4 49.Nh4 Nd6
50.Kg2 Kf7 51.Kf3 f5 52.Ke3 Kf6 53.Nf3 Nf7 54.Nd2 Ng5 55.h4 Ne6 56.f4 exf4+
57.gxf4 Nf8 58.Nf3 Kg6 59.Nd4 Kf6 60.h5 Nd7 61.Kd3 Nb6 62.Ne2 Nd5 63.Kd4 Ne7
64.Kc5 Ke6 65.Nd4+ Kd7 66.Kb5 Kd6 67.Kc4 Nd5 68.Nxf5+ Ke6 69.Nd4+ Kd6 70.Nb5+ Ke6
71.Nd4+ Kd6 72.Ne2 Nf6 73.Ng3 Ke6 74.Kd4 Ne8 75.Ke3 Nd6 76.Kf3 Ne8 77.Ne4 Ng7
78.Kg4 Nxh5 79.Nc5+ Kf6 80.Kxh5 Kf5 81.Nd3 Ke4 82.Kxh6  1-0

[Event "chess.com SpeedChess 2025"]
[Site "chess.com INT"]
[Date "2025.10.17"]
[Round "1.8"]
[White "Le,Quang Liem"]
[Black "Nakamura,Hi"]
[Result "0-1"]
[WhiteElo "2729"]
[BlackElo "2816"]

1.d4 Nf6 2.Nf3 e6 3.c4 d5 4.g3 Be7 5.Bg2 O-O 6.O-O dxc4 7.Qc2 a6 8.a4 Bd7
9.Bg5 Bc6 10.Rd1 Nbd7 11.Nbd2 b5 12.b3 h6 13.Bxf6 Nxf6 14.bxc4 bxc4 15.Nxc4 Be4
16.Qc1 Rc8 17.Nfe5 Bxg2 18.Kxg2 Qd5+ 19.f3 Qa8 20.Rb1 Rfd8 21.e4 a5 22.Qe3 Bb4
23.Nd3 Qc6 24.Nxb4 Qxc4 25.Rdc1 Qxd4 26.Qxd4 Rxd4 27.Nc6 Rd2+ 28.Kg1 Ra8
29.Ne7+ Kf8 30.Rxc7 Ne8 31.Rcb7 Nd6 32.Rc7 g5 33.Rbc1 Rb8 34.Nc8 Ne8 35.R7c2 Rd3
36.Rc3 Rd4 37.Rc4 Rd8 38.Na7 Rb3 39.R4c3 Rxc3 40.Rxc3 Rd4 41.Nb5 Rxa4 42.Rc8 Ke7
43.Ra8 g4 44.fxg4 Nf6 45.Ra7+ Nd7 46.Kg2 Rxe4 47.Rxa5 Rxg4 48.Ra7 Rc4 49.h4 f5  0-1

[Event "chess.com SpeedChess 2025"]
[Site "chess.com INT"]
[Date "2025.10.17"]
[Round "1.24"]
[White "Le,Quang Liem"]
[Black "Nakamura,Hi"]
[Result "1-0"]
[WhiteElo "2729"]
[BlackElo "2816"]

1.d4 Nf6 2.Nf3 e6 3.g3 d5 4.Bg2 Be7 5.O-O Kf8 6.c4 c6 7.Qc2 b6 8.Nbd2 Bb7
9.e4 Nbd7 10.e5 Ne8 11.cxd5 cxd5 12.Re1 Rc8 13.Qd1 Qc7 14.Bf1 Qc2 15.Qe2 h5
16.Qe3 h4 17.Bd3 Qc7 18.Nf1 hxg3 19.fxg3 Nb8 20.Bd2 Ba6 21.Rac1 Qb7 22.Rxc8 Qxc8
23.Rc1 Qb7 24.g4 Bxd3 25.Qxd3 Nc7 26.Ng3 Ke8 27.Nh5 g6 28.Nf6+ Bxf6 29.exf6 Nc6
30.Qc3  1-0

[Event "chess.com SpeedChess 2025"]
[Site "chess.com INT"]
[Date "2025.10.17"]
[Round "1.2"]
[White "Le,Quang Liem"]
[Black "Nakamura,Hi"]
[Result "0-1"]
[WhiteElo "2729"]
[BlackElo "2816"]

1.d4 g6 2.Nf3 Bg7 3.g3 d6 4.Bg2 Bd7 5.c4 Qc8 6.h3 c5 7.Nc3 Nc6 8.Be3 b6 9.Rc1 Nf6
10.d5 Na5 11.b3 a6 12.Nd2 b5 13.cxb5 axb5 14.b4 Nb7 15.Nb3 O-O 16.g4 Qb8
17.bxc5 b4 18.g5 Nh5 19.Ne4 dxc5 20.O-O Nf4 21.Bxf4 Qxf4 22.e3 Qh4 23.Rc4 Kh8
24.Nd6 Qxg5 25.Nxb7 Bb5 26.Rg4 Qf5 27.Re1 Bc3 28.N7xc5 Rxa2 29.Rf4 Qe5 30.Nd4 Rfa8
31.Nxb5 Ra1 32.Qxa1 Rxa1 33.Rxa1 Bxa1 34.Rxb4 Qf5 35.Nd4 Qh5 36.Ncb3 Bc3
37.Rb7 Qd1+ 38.Bf1 Qh5 39.Rd7 Bb4 40.Nc6 Bd6 41.Nbd4 Qxd5 42.Bg2 Bh2+ 43.Kxh2 Qxd7
44.Kg1 Qd6 45.Bf3 e5 46.Ne2 e4 47.Bxe4 Qd1+ 48.Kg2 Qxe2 49.Nd4 Qa6 50.Bf3 Qf6
51.Ne2 h5 52.Ng3 Qg5 53.Kh2 Kg7 54.Ne4 Qa5 55.Kg2 h4 56.Kf1 Qb4 57.Kg2 f5
58.Ng5 Qe7  0-1

[Event "chess.com SpeedChess 2025"]
[Site "chess.com INT"]
[Date "2025.10.17"]
[Round "1.1"]
[White "Nakamura,Hi"]
[Black "Le,Quang Liem"]
[Result "0-1"]
[WhiteElo "2816"]
[BlackElo "2729"]

1.d4 Nf6 2.Bg5 d5 3.e3 c5 4.c3 Qb6 5.Qc2 Ne4 6.Bf4 Bf5 7.Qb3 c4 8.Qxb6 axb6
9.f3 Nf6 10.Nd2 b5 11.g4 Bg6 12.a3 e6 13.Rc1 Nbd7 14.Be2 Nb6 15.Bd1 Na4 16.Bxa4 bxa4
17.Ne2 Ra5 18.Ra1 Rb5 19.Ra2 Kd7 20.Bg3 Be7 21.h4 h6 22.Nf4 Bc2 23.Rh2 Bh7
24.Kd1 Ne8 25.e4 f6 26.h5 Nd6 27.exd5 exd5 28.Re2 Nf7 29.Ng6 Re8 30.Rxe7+ Rxe7
31.Nf8+ Kc6 32.Nxh7 Re8 33.Bh4 Rh8 34.Nxf6 gxf6 35.Bxf6 Rf8 36.Ke2 Kd7 37.Bg7 Re8+
38.Kf2 Rb6 39.Nf1 Rbe6 40.Ng3 Re1 41.Nf5 R8e2+ 42.Kg3 Rg2+ 43.Kf4 Nd8  0-1